000 00406nam a2200157Ia 4500
005 20250626022153.0
008 240331s9999 xx 000 0 und d
020 _a9559261096
082 _bKAN
_a340
100 _aAriyarathne,R
245 0 _aKanthawan sathu neethimaya ayitheen pilibanda athpotha
260 _aColombo
_bWERC
_c1998
300 _a97 p .,
500 _aLegal Rights For Women
942 _cL
999 _c5097
_d5097